LEADER 01425nam a2200337 u 4500 001 000000057227 003 CaOOAMICUS 005 20150625125912.0 008 010503s1983 it u000 u ita u 035 $a10887149 040 $aPUL(R)$bita 245 03$aIl diaconato permanente /$cautori vari. 260 $aNapoli :$bEdizioni Dehoniane,$cc1983. 300 $a350 p.$c21 cm 490 1 $aTeologia a confronto ;$v2 500 $aIntervento di vari autori. 500 $aIn testa al front.: "Pontificia Universit Lateranense. Istituto di Scienze religiose Ecclesia Mater". 504 $aBibliografia in nota. 650 4$aDiaconato.$0(OLS)http://pul/subject/6020 710 2 $aPontificia Università Lateranense.$0(OLS)http://pul/name/287 830 0$aTeologia a confronto ;$v2.$0(OLS)http://pul/title/518 850 $aPUL 852 $aPUL$W1$xSL Religione 1$y3$m60 M 2$j74904$nBK-PRI$b $qStampati$B74904$CPULBib$Z2$F74904 $H $81 852 $aPUL$W1$xDP1 Fondo S. Lanza$y121$m3 E 36$j166580$qFondi$B167183$CPULBib$Z2$F167183 $HLAN2390 $82 910 $aPontificio Ateneo Lateranense$9287 910 $aPontificio Ateneo Lateranense$9287 941 1 $a8 941 1 $a1 961 $aINV: 50825 996 $6245$aIl diaconato permanente$9(OLS)http://pul/title/76606 996 $6260$aNapoli :$bEdizioni Dehoniane$9(OLS)http://pul/publisher/48083 LEADER 01207nam a2200301 a 4500 001 000000127320 003 CaOOAMICUS 005 20120125094911.0 008 120125t1999 it a u000 u ita r 020 $a978-88-384-6892-6 040 $aPUL$bita 082 04$a153.6 100 1 $aGuglielmi, Anna.$0(OLS)http://pul/name/81202 245 13$aIl linguaggio segreto del corpo /$cAnna Guglielmi. 260 $aMilano :$bPiemme,$c1999. 300 $a253 p. :$bill. ;$c19 cm. 490 1 $aPiemme bestseller ;$v11 650 4$aPsicologia$xComunicazione gestuale.$0(OLS)http://pul/subject/38422 650 4$aComunicazione non verbale.$0(OLS)http://pul/subject/7810 830 0$aBestseller (Piemme ) ;$v11.$0(OLS)http://pul/title/160864 850 $aPUL 852 $aPUL$W1$xSL Filosofia 3$y81$m153. 6 GUGAN 1$j147280$qDDC 21$B145930$CPULBib$Z2$F145930 $H118500 $82 941 1 $a9 996 $6020$a978-88-384-6892-6$9(OLS)http://pul/number/148659 996 $6082$a153.6$9(OLS)http://pul/classification/631 996 $6245$aIl linguaggio segreto del corpo$9(OLS)http://pul/title/160863 996 $6260$aMilano :$bPiemme$9(OLS)http://pul/publisher/80857